| 000 | 00442cam a2200169ua 4500 | ||
|---|---|---|---|
| 041 |
_aeng _h |
||
| 082 |
_a823.308 _bGAN/IS |
||
| 100 | _aGann, Ernest . | ||
| 245 |
_aIsland in the sky / _cErnest Gann. _hTextual Documents |
||
| 260 |
_aLondon : _bUniversity of London Press Ltd , _c1962. |
||
| 300 | _a127 ; . | ||
| 440 | 0 |
_aThe Pilot Books, _v _x; |
|
| 490 | 0 |
_aThe Pilot Books, _v _x; |
|
| 504 | _a | ||
| 942 | _cBK | ||
| 999 |
_c5079 _d5079 |
||